000 00211nam a22000857a 4500
008 170216b xxu||||| |||| 00| 0 eng d
100 _92894
_aJaganathan
245 _aMoral values-3
260 _aNew Delhi
_bRachana
_c2009
999 _c6126
_d6126